La Reforma tributaria de 1845 : estudio preliminar y consideración de sus precedentes inmediatos / por Fabián Estapé Rodríguez estudio preliminar y consideración de sus precedentes inmediatos / por Fabián Estapé Rodríguez
Descripción Física:
XXIII, 269 p. ; 24 cm
Materias:
Dret fiscal -- Espanya -- 1845
MARC
| LEADER | 00000nam a2200000Ia 4500 | ||
|---|---|---|---|
| 001 | 826 | ||
| 008 | 160829s9999 xx 000 0 cat d | ||
| 080 | |a M-3-281 | ||
| 100 | |a Estapé, Fabià |9 24497 | ||
| 245 | |a La Reforma tributaria de 1845 : |b estudio preliminar y consideración de sus precedentes inmediatos / por Fabián Estapé Rodríguez | ||
| 260 | |a Madrid : |b Instituto de Estudios Fiscales, dl 1971 | ||
| 300 | |a XXIII, 269 p. ; |c 24 cm | ||
| 650 | |a Dret fiscal |x Espanya |x 1845 |9 24498 | ||
| 901 | |a Arxiu | ||
| 942 | |n 1 | ||
| 952 | |0 0 |1 0 |4 0 |6 M3281 |7 1 |9 43183 |a Arxiu |b Arxiu |d 2016-12-01 |l 0 |o M-3-281 |p 826 |r 2016-12-01 00:00:00 |w 2016-12-01 |y ARXIU | ||
| 999 | |c 45727 |d 45727 | ||